MARC

LEADER 00000nam0a2200000 4500
001 297491
005 20231102001019.0
035 |a (RuTPU)RU\TPU\book\322624 
090 |a 297491 
100 |a 20150609d1984 km y0rusy50 ca 
101 0 |a rus 
102 |a UA 
105 |a y z 001zy 
200 1 |a Чехословакия в социалистическом содружестве  |f И. М. Гранчак, А. Ф. Кизченко 
210 |a Киев  |c Вища школа  |d 1984 
215 |a 175 с. 
320 |a Библиогр.: с. 163-174 
606 1 |a Внутренняя политика  |x Европейские страны  |2 stltpush  |3 (RuTPU)RU\TPU\subj\74826  |9 86807 
606 1 |a Международные отношения  |y Европа  |2 stltpush  |3 (RuTPU)RU\TPU\subj\73119  |9 86320 
610 1 |a экономическое развитие 
610 1 |a социальное развитие 
610 1 |a социалистическое общество 
610 1 |a уровень жизни 
610 1 |a социалистическое содружество 
610 1 |a духовное единение 
610 1 |a идеология 
686 |a Ф3(4)  |v LBC/SL-A  |2 rubbk 
686 |a Ф4(4)  |v LBC/SL-A  |2 rubbk 
700 1 |a Гранчак  |b И. М.  |g Иван Михайлович 
701 1 |a Кизченко  |b А. Ф.  |g Анатолий Федорович 
801 1 |a RU  |b 63413507  |c 20150609 
801 2 |a RU  |b 63413507  |c 20190129  |g RCR 
942 |c BK